Pandemics : COVID-19 and our world / Jill ... Read More
Available copies
- 1 of 1 copy available at LARL/NWRL Consortium.
- 1 of 1 copy available at Lake Agassiz Regional Library. (Show preferred library)
Current holds
0 current holds with 1 total copy.
Show Only Available Copies
| Location | Call Number / Copy Notes | Barcode | Shelving Location | Status | Due Date |
|---|---|---|---|---|---|
| Moorhead Public Library | J 614.5924 KEP (Text) | 33500013609508 | Main | Available | - |
Record details
- ISBN: 9781725332607
- ISBN: 1725332604
- ISBN: 9781725332584
- ISBN: 1725332582
- ISBN: 9781725332591
- ISBN: 1725332590
- Physical Description: 32 pages : color illustrations ; 22 cm.
- Publisher: New York : PowerKids Press, [2022]
- Copyright: ©2022
Content descriptions
| General Note: | Includes index. |
| Summary, etc.: | "In 2020, the illness called COVID-19 changed our ... Read More |
Search for related items by subject
| Subject: | COVID-19 (Disease) > Juvenile literature. Epidemics > History > Juvenile literature. COVID-19 (Disease) Epidemics. |
| Genre: | History. Juvenile works. |
Search for related items by series
| LDR | 02322cam a22004938i 4500 | ||
|---|---|---|---|
| 001 | 392382 | ||
| 003 | LARL_NWRL_CONSORTIUM | ||
| 005 | 20220527140718.0 | ||
| 008 | 201214t20222022nyua j 001 0 eng | ||
| 010 | . | ‡a 2020056089 | |
| 040 | . | ‡aDLC ‡beng ‡erda ‡cDLC ‡dOCLCO ‡dOCLCF ‡dJAO ‡dOCLCO | |
| 020 | . | ‡a9781725332607 ‡q(library binding) | |
| 020 | . | ‡a1725332604 ‡q(library binding) | |
| 020 | . | ‡a9781725332584 ‡q(paperback) | |
| 020 | . | ‡a1725332582 ‡q(paperback) | |
| 020 | . | ‡a9781725332591 | |
| 020 | . | ‡a1725332590 | |
| 020 | . | ‡z9781725332614 ‡q(ebook) | |
| 035 | . | ‡a(OCoLC)1227837752 | |
| 042 | . | ‡apcc | |
| 082 | 0 | 0. | ‡a614.5/92414 ‡223 |
| 100 | 1 | . | ‡aKeppeler, Jill, ‡eauthor. |
| 245 | 1 | 0. | ‡aPandemics : ‡bCOVID-19 and our world / ‡cJill Keppeler. |
| 264 | 1. | ‡aNew York : ‡bPowerKids Press, ‡c[2022] | |
| 264 | 4. | ‡c©2022 | |
| 300 | . | ‡a32 pages : ‡bcolor illustrations ; ‡c22 cm. | |
| 336 | . | ‡atext ‡btxt ‡2rdacontent | |
| 336 | . | ‡astill image ‡bsti ‡2rdacontent | |
| 337 | . | ‡aunmediated ‡bn ‡2rdamedia | |
| 338 | . | ‡avolume ‡bnc ‡2rdacarrier | |
| 490 | 0 | . | ‡aSpotlight on our future |
| 500 | . | ‡aIncludes index. | |
| 520 | . | ‡a"In 2020, the illness called COVID-19 changed our world forever. However, it wasn't the first pandemic to affect human lives, and it likely won't be the last. This in-depth and honest book takes readers through the history of pandemics and the idea of public health, as well as the background of COVID-19 and the coronavirus that causes it. Manageable text makes a sometimes uncomfortable subject clearer and more understandable, and a glossary explains key terms behind the science and history involved. Color photos, primary sources, and stories of young activists making a difference in the pandemic draw in readers looking to understand more about this important topic"-- ‡cProvided by publisher. | |
| 650 | 0. | ‡aCOVID-19 (Disease) ‡vJuvenile literature. | |
| 650 | 0. | ‡aEpidemics ‡xHistory ‡vJuvenile literature. | |
| 650 | 7. | ‡aCOVID-19 (Disease) ‡2fast | |
| 650 | 7. | ‡aEpidemics. ‡2fast ‡0(LARL_NWRL_CONSORTIUM)19536 | |
| 655 | 7. | ‡aHistory. ‡2fast | |
| 655 | 7. | ‡aJuvenile works. ‡2fast | |
| 901 | . | ‡a392382 ‡b ‡c392382 ‡tbiblio | |

Add to basket
Permalink
Disable Highlighting